Advertising Mascots Quiz Stats

 Plays Quiz not verified by Sporcle

Also try: Sunny or Sonny?
Challenge
Share
Tweet
Embed
Score 0/20 Timer 02:00
0 Plays Today
Mascot Company % Correct
Tony the TigerFrosted Flakes
79.9%
Silly RabbitTrix
79.5%
RonaldMcDonalds
79.2%
Chester Cheetah Cheetos
77.7%
Bunny with DrumEnergizer
69.6%
Snap, Crackle, and PopRice Krispies
69.5%
Colonel SandersKFC
67.5%
DoughboyPillsbury
65.6%
CavemanGeico
64.8%
Geoffrey Giraffe Toys R Us
59.5%
Mascot Company % Correct
JaredSubway
53.7%
QuakerQuaker Oats
53.3%
Mr. PeanutPlanters
53.3%
FloProgressive
52.4%
The Helping Hand Hamburger Helper
52.4%
Cheesasaurus Rex Kraft
37.6%
SnoopyMetlife
37%
StorkVlasic
32.7%
Sailor Jack Cracker Jacks
25.5%
BibendumMichelin
6.9%

You're not logged in!

Compare scores with friends on all Sporcle quizzes.
Join for Free
OR
Log In

You Might Also Like...

Show Comments

Extras

Created Dec 26, 2009ReportNominate
Tags:Company Quiz, advertising, mascot

Top Quizzes Today


Score Distribution

Your Account Isn't Verified!

In order to create a playlist on Sporcle, you need to verify the email address you used during registration. Go to your Sporcle Settings to finish the process.

Report this User

Report this user for behavior that violates our Community Guidelines.

Details: